Subjekty externej kontroly v ekologickom poľnohospodárstve v podmienkach Slovenska

Kontrola v ekologickom poľnohospodárstve v SR. Podstata a cieľ kontroly. Legislatíva v ekologickom poľnohospodárstve. Spoločnosti v ekologickom poľnohospodárstve vykonávajúce kontrolu a certifikáciu v SR.

Gespeichert in:
Bibliographische Detailangaben
1. Verfasser: Mišúnová Hudáková, Ivana, 1976-
Weitere Verfasser: Mišún, Juraj, 1978-
Format: Buchkapitel
Sprache:Slowakisch
Schlagworte:
Tags: Tag hinzufügen
Keine Tags, Fügen Sie das erste Tag hinzu!

MARC

LEADER 00000naa$a2200000$$$4500
001 0186399
005 20240502073201.1
041 0 |a slo 
044 |a SK 
245 1 0 |a Subjekty externej kontroly v ekologickom poľnohospodárstve v podmienkach Slovenska  |c Ivana Mišúnová Hudáková, Juraj Mišún 
520 |a Kontrola v ekologickom poľnohospodárstve v SR. Podstata a cieľ kontroly. Legislatíva v ekologickom poľnohospodárstve. Spoločnosti v ekologickom poľnohospodárstve vykonávajúce kontrolu a certifikáciu v SR. 
610 2 0 |a poľnohospodárstvo 
610 2 0 |a ekológia 
610 2 0 |a kontrola 
610 2 0 |a legislatíva 
610 2 0 |a Slovensko 
100 1 |a Mišúnová Hudáková, Ivana, 1976- 
700 1 |a Mišún, Juraj, 1978-